000
00254nam a2200085Ia 4500
008
170620s9999 xx 000 0 und d
100
_a
Mangal- S. K.
245
0
_a
Development of Learner and Teaching Learning Process
260
_b
Meerut- International Publishing House
260
_c
2004
999
_c
23948
_d
23948